भारतीय संस्कृति के नैतिक मूल्य / (Record no. 119455)

MARC details
000 -LEADER
fixed length control field 01243nam a22002657a 4500
005 - DATE AND TIME OF LATEST TRANSACTION
control field 20170124103135.0
010 ## - LIBRARY OF CONGRESS CONTROL NUMBER
LC control number B-158132
020 ## - INTERNATIONAL STANDARD BOOK NUMBER
Terms of availability 80.00
International Standard Book Number 8190143727
035 ## - SYSTEM CONTROL NUMBER
System control number B-158132
037 ## - SOURCE OF ACQUISITION
Source of stock number/acquisition Cen Lib/Ret
040 ## - CATALOGING SOURCE
Original cataloging agency DPL
Language of cataloging HN
082 ## - DEWEY DECIMAL CLASSIFICATION NUMBER
Classification number 306.0954
Item number मिश्रर
100 ## - MAIN ENTRY--PERSONAL NAME
Personal name मिश्र, रतनलाल
9 (RLIN) 85003
245 ## - TITLE STATEMENT
Title भारतीय संस्कृति के नैतिक मूल्य /
Statement of responsibility, etc रतनलाल मिश्र
246 ## - VARYING FORM OF TITLE
Title proper/short title Bhartiye sanskriti ke naitik moolye /
Remainder of title by Ratanlal Mishra
260 ## - PUBLICATION, DISTRIBUTION, ETC. (IMPRINT)
Name of publisher, distributor, etc बालाजी प्रकाशन
Date of publication, distribution, etc 2002
Place of publication, distribution, etc जयपुर
270 ## - ADDRESS
Address 1333, सांगों का रास्ता, किशनपोल बाजार
City जयपुर
Postal code 302 003
300 ## - PHYSICAL DESCRIPTION
Extent 96पृ.
Dimensions 20सेमी(सजिल्द)
500 ## - GENERAL NOTE
General note अनुक्रमाणिका शामिल
650 ## - SUBJECT ADDED ENTRY--TOPICAL TERM
Topical term or geographic name as entry element भारतीय संस्कृति -- सत्य और अहिंसा
9 (RLIN) 85004
650 ## - SUBJECT ADDED ENTRY--TOPICAL TERM
Topical term or geographic name as entry element भारतीय संस्कृति
9 (RLIN) 85005
650 ## - SUBJECT ADDED ENTRY--TOPICAL TERM
Topical term or geographic name as entry element Indian culture - truth and non-violence
9 (RLIN) 85006
650 ## - SUBJECT ADDED ENTRY--TOPICAL TERM
Topical term or geographic name as entry element Indian culture
9 (RLIN) 3853
942 ## - ADDED ENTRY ELEMENTS (KOHA)
Source of classification or shelving scheme Dewey Decimal Classification
Koha item type Hindi Books
Classification part 306.0954
Call number suffix मिश्रर
Holdings
Withdrawn status Lost status Damaged status Not for loan Home library Current library Date acquired Source of acquisition Cost, normal purchase price Total Checkouts Full call number Barcode Date last seen Copy number Cost, replacement price Price effective from Koha item type
        Central Library Central Library 17/09/2015 Cen Lib/Ret 80.00   306.0954 मिश्रर B-158132 17/09/2015 1 80.00 17/09/2015 Hindi Books

© Delhi Public Library
Hit Counter
free hit counter